[Event "Madrid ch Veteranos 2021"]
[Site "Madrid ESP"]
[Date "2021.04.09"]
[Round "4.17"]
[White "Suarez Mencia, Roberto"]
[Black "Garcia Granja, Jose"]
[Result "1-0"]
[WhiteElo "1364"]
[BlackElo "1041"]
[PlyCount "85"]
[EventDate "2021.04.06"]
[EventType "swiss"]
[EventRounds "7"]
[EventCountry "ESP"]
[SourceTitle "Ajedrez en Madrid"]
[Source "lmi"]
[SourceDate "2021.04.06"]
[SourceVersion "1"]
[SourceVersionDate "2021.04.18"]
[SourceQuality "1"]

1. c4 e5 2. g3 Nf6 3. Bg2 Nc6 4. e3 d5 5. cxd5 Nxd5 6. Nc3 Nxc3 7. bxc3 Rb8 8.
d4 exd4 9. exd4 Bd6 10. Ne2 O-O 11. O-O Re8 12. Nf4 Ne7 13. Qe2 Bf5 14. Be4
Bxe4 15. Qxe4 Ng6 16. Qf3 Qf6 17. Qg4 Nxf4 18. gxf4 Qg6 19. Qxg6 fxg6 20. Kg2
Re4 21. Kf3 Rbe8 22. Be3 R4e7 23. Rab1 b6 24. Rg1 Rf7 25. h4 Rf6 26. a4 Ref8
27. Ke4 Bxf4 28. Bxf4 Rxf4+ 29. Kd5 Rxf2 30. Kc6 R8f7 31. Rbe1 Kf8 32. Kb7 a5
33. Rg5 R2f5 34. Kc8 Re7 35. Rxe7 Kxe7 36. Kxc7 Rf6 37. Re5+ Re6 38. Rxe6+ Kxe6
39. Kc6 g5 40. hxg5 h5 41. gxh6 gxh6 42. d5+ Ke7 43. Kc7 1-0

[Event "Madrid ch Veteranos 2021"]
[Site "Madrid ESP"]
[Date "2021.04.12"]
[Round "5.1"]
[White "Marin Lopez, Jeronimo"]
[Black "Gonzalez Rivera, Eduardo"]
[Result "0-1"]
[WhiteElo "1899"]
[BlackElo "2017"]
[PlyCount "54"]
[EventDate "2021.04.06"]
[EventType "swiss"]
[EventRounds "7"]
[EventCountry "ESP"]
[SourceTitle "Ajedrez en Madrid"]
[Source "lmi"]
[SourceDate "2021.04.06"]
[SourceVersion "1"]
[SourceVersionDate "2021.04.18"]
[SourceQuality "1"]

1. e4 e5 2. Nf3 Nc6 3. Bc4 Nf6 4. Ng5 Bc5 5. Bxf7+ Ke7 6. Bd5 Rf8 7. Nf3 d6 8.
c3 Qe8 9. b4 Bb6 10. d4 exd4 11. b5 Nxd5 12. bxc6 Nxc3 13. Nxc3 dxc3 14. O-O
Qxc6 15. e5 Be6 16. Nd4 Qd5 17. exd6+ cxd6 18. Be3 Bxd4 19. Bxd4 c2 20. Qd2 Kf7
21. Rfe1 Kg8 22. Qc3 Rac8 23. Qb2 Rc4 24. Bxg7 Rg4 25. g3 Rxg7 26. Qxc2 Bh3 27.
f4 Qc5+ 0-1

[Event "Madrid ch Veteranos 2021"]
[Site "Madrid ESP"]
[Date "2021.04.12"]
[Round "5.2"]
[White "Elissalt Cardenas, Hector"]
[Black "Garcia Martin, Esteban"]
[Result "1-0"]
[WhiteElo "2286"]
[BlackElo "1891"]
[PlyCount "109"]
[EventDate "2021.04.06"]
[EventType "swiss"]
[EventRounds "7"]
[EventCountry "ESP"]
[SourceTitle "Ajedrez en Madrid"]
[Source "lmi"]
[SourceDate "2021.04.06"]
[SourceVersion "1"]
[SourceVersionDate "2021.04.18"]
[SourceQuality "1"]

1. d4 Nf6 2. Nh3 b6 3. f3 d5 4. Nf2 c5 5. dxc5 e5 6. e4 Bxc5 7. Nc3 O-O 8. Bg5
Bxf2+ 9. Kxf2 Ng4+ 10. fxg4 Qxg5 11. Nxd5 Bxg4 12. h4 Qh5 13. Be2 Bxe2 14. Qxe2
Qxe2+ 15. Kxe2 Nc6 16. g4 Nd4+ 17. Kd3 f6 18. Rhf1 Rad8 19. c3 Ne6 20. Ke3 Rd7
21. h5 Nc7 22. Nxc7 Rxc7 23. Rad1 Kf7 24. Rd6 Ke7 25. Rd5 Rd8 26. Rxd8 Kxd8 27.
h6 gxh6 28. Rxf6 Rg7 29. Rxh6 Rxg4 30. Rxh7 Rg2 31. Kd3 a5 32. b3 Rxa2 33. Rb7
Rb2 34. Rxb6 a4 35. b4 a3 36. Ra6 a2 37. Ra7 Kc8 38. Kc4 Kb8 39. Ra3 Rd2 40.
Kb3 Re2 41. Rxa2 Rxe4 42. Ra6 Kc7 43. Rh6 Re1 44. Kc2 Kd7 45. b5 Rg1 46. Kd3
Rg4 47. Rh7+ Kc8 48. Re7 Rg3+ 49. Kc4 Rg5 50. b6 Rh5 51. Kd5 e4+ 52. Kc6 Rh6+
53. Kb5 Rh5+ 54. Ka6 Rh8 55. Rxe4 1-0

[Event "Madrid ch Veteranos 2021"]
[Site "Madrid ESP"]
[Date "2021.04.12"]
[Round "5.3"]
[White "Fiz Criado, Fidel"]
[Black "Barez Menendez, Hector"]
[Result "1-0"]
[WhiteElo "1863"]
[BlackElo "2103"]
[PlyCount "77"]
[EventDate "2021.04.06"]
[EventType "swiss"]
[EventRounds "7"]
[EventCountry "ESP"]
[SourceTitle "Ajedrez en Madrid"]
[Source "lmi"]
[SourceDate "2021.04.06"]
[SourceVersion "1"]
[SourceVersionDate "2021.04.18"]
[SourceQuality "1"]

1. e4 e5 2. Nf3 f5 3. Bc4 fxe4 4. Nxe5 d5 5. Qh5+ g6 6. Nxg6 hxg6 7. Qxh8 Kf7
8. Qd4 Be6 9. Bb3 Nc6 10. Qe3 Bh6 11. f4 Nge7 12. O-O Nf5 13. Qf2 b6 14. d3 Bf8
15. Kh1 Bc5 16. Qe1 Nfd4 17. dxe4 Nxb3 18. axb3 dxe4 19. Nc3 Nd4 20. Nxe4 Bf5
21. Ng5+ Kg8 22. Qh4 Qd7 23. Bd2 Nxc2 24. Bc3 Bd4 25. Rad1 c5 26. Rd2 Re8 27.
Rfd1 Qb7 28. Nf3 Be4 29. Bxd4 cxd4 30. Ng5 Bf5 31. Kg1 Qe7 32. Qf2 d3 33. Nf3
Qb4 34. Ne5 Qxb3 35. h3 Qxb2 36. Nxd3 Bxd3 37. Rxd3 Rc8 38. Qe2 Qf6 39. Rc1 1-0

[Event "Madrid ch Veteranos 2021"]
[Site "Madrid ESP"]
[Date "2021.04.12"]
[Round "5.4"]
[White "Barahona Torrijos, Angel"]
[Black "Cabañas Bravo, Juan Andres"]
[Result "0-1"]
[WhiteElo "1817"]
[BlackElo "1971"]
[PlyCount "42"]
[EventDate "2021.04.06"]
[EventType "swiss"]
[EventRounds "7"]
[EventCountry "ESP"]
[SourceTitle "Ajedrez en Madrid"]
[Source "lmi"]
[SourceDate "2021.04.06"]
[SourceVersion "1"]
[SourceVersionDate "2021.04.18"]
[SourceQuality "1"]

1. e4 e5 2. Nf3 Nc6 3. Nc3 Nf6 4. d4 exd4 5. Nd5 Nxe4 6. Qe2 f5 7. g4 Bb4+ 8.
c3 dxc3 9. bxc3 Bxc3+ 10. Nxc3 O-O 11. Qc4+ Kh8 12. Be3 Nxc3 13. Qxc3 fxg4 14.
Nd4 Ne5 15. O-O-O d6 16. Nb5 Bd7 17. Bd4 a6 18. Bxe5 Qg5+ 19. Kb1 axb5 20. Bd4
Be6 21. Bxb5 Qxb5+ 0-1

[Event "Madrid ch Veteranos 2021"]
[Site "Madrid ESP"]
[Date "2021.04.12"]
[Round "5.5"]
[White "Luque Ibañes, Manuel"]
[Black "Vukotic Jovsic, Dragan"]
[Result "1-0"]
[WhiteElo "1949"]
[BlackElo "1873"]
[PlyCount "105"]
[EventDate "2021.04.06"]
[EventType "swiss"]
[EventRounds "7"]
[EventCountry "ESP"]
[SourceTitle "Ajedrez en Madrid"]
[Source "lmi"]
[SourceDate "2021.04.06"]
[SourceVersion "1"]
[SourceVersionDate "2021.04.18"]
[SourceQuality "1"]

1. e4 c5 2. c3 d5 3. exd5 Qxd5 4. d4 Nf6 5. Nf3 Bg4 6. dxc5 Qxd1+ 7. Kxd1 Ne4
8. Be3 Nd7 9. b4 a5 10. h3 Bxf3+ 11. gxf3 Nef6 12. Bb5 axb4 13. cxb4 Nd5 14. c6
bxc6 15. Bxc6 Nxe3+ 16. fxe3 O-O-O 17. Ke2 g6 18. a4 Bg7 19. Ra2 Ne5 20. Rc1
Nxc6 21. Rxc6+ Kb7 22. Rac2 Rd7 23. a5 Ra8 24. Rb6+ Ka7 25. Na3 Rad8 26. f4 e5
27. Nb5+ Ka8 28. Nc7+ Ka7 29. b5 exf4 30. Ra6+ Kb7 31. b6 Rd2+ 32. Rxd2 f3+ 33.
Kxf3 Rxd2 34. Ra7+ Kc6 35. Ne8 Be5 36. Ke4 f6 37. Rxh7 Ra2 38. Ra7 Rh2 39. Re7
Rxh3 40. Nxf6 Bh2 41. Ng4 Kb5 42. Nxh2 Rxh2 43. Re5+ Ka6 44. Re8 Rh7 45. Ra8+
Kb5 46. Ra7 Rh4+ 47. Kf3 Kc6 48. Rc7+ Kd6 49. Rg7 Rh5 50. Rxg6+ Kd7 51. a6 Ra5
52. a7 Kc8 53. Rg7 1-0

[Event "Madrid ch Veteranos 2021"]
[Site "Madrid ESP"]
[Date "2021.04.12"]
[Round "5.6"]
[White "Fernandez Garcia, Ignacio"]
[Black "Martin Garcia, Luis I"]
[Result "1-0"]
[WhiteElo "1801"]
[BlackElo "1831"]
[PlyCount "113"]
[EventDate "2021.04.06"]
[EventType "swiss"]
[EventRounds "7"]
[EventCountry "ESP"]
[SourceTitle "Ajedrez en Madrid"]
[Source "lmi"]
[SourceDate "2021.04.06"]
[SourceVersion "1"]
[SourceVersionDate "2021.04.18"]
[SourceQuality "1"]

1. e4 e6 2. d4 d5 3. e5 c5 4. c3 Nc6 5. Nf3 Qb6 6. Bd3 Bd7 7. dxc5 Bxc5 8. O-O
f6 9. exf6 Nxf6 10. Qe2 O-O-O 11. b4 Bd6 12. a4 Qc7 13. Na3 Ne5 14. Nxe5 Bxe5
15. g3 Rde8 16. Be3 b6 17. a5 Bc6 18. axb6 axb6 19. Nb5 Bxb5 20. Bxb5 Nd7 21.
Ra8+ Kb7 22. Ra6 Ra8 23. Rfa1 Rxa6 24. Rxa6 Ra8 25. Rxa8 Kxa8 26. c4 d4 27. Bd2
Nb8 28. f4 Bd6 29. Qxe6 Qe7 30. Qd5+ Ka7 31. Qxd4 Bxb4 32. Bxb4 Qxb4 33. Qxg7+
Ka8 34. Qa1+ Kb7 35. Qf1 Qc5+ 36. Kg2 Qf5 37. Qf3+ Kc7 38. g4 Qc2+ 39. Kg3 Qd2
40. g5 Qd4 41. Kh3 h6 42. gxh6 Qf6 43. Qg3 Qxh6+ 44. Kg2 Qf6 45. h4 Nd7 46.
Bxd7 Kxd7 47. h5 Qb2+ 48. Kh3 Ke7 49. h6 Qc1 50. Qg7+ Ke6 51. Qe5+ Kf7 52. Qc7+
Kf8 53. h7 Qf1+ 54. Kg4 Qe2+ 55. Kg5 Qg2+ 56. Kf6 Qb2+ 57. Qe5 1-0

[Event "Madrid ch Veteranos 2021"]
[Site "Madrid ESP"]
[Date "2021.04.12"]
[Round "5.7"]
[White "Salgado Duarte, Pablo"]
[Black "Marin Aso, Jose Luis"]
[Result "0-1"]
[WhiteElo "1472"]
[BlackElo "1910"]
[PlyCount "48"]
[EventDate "2021.04.06"]
[EventType "swiss"]
[EventRounds "7"]
[EventCountry "ESP"]
[SourceTitle "Ajedrez en Madrid"]
[Source "lmi"]
[SourceDate "2021.04.06"]
[SourceVersion "1"]
[SourceVersionDate "2021.04.18"]
[SourceQuality "1"]

1. d4 Nf6 2. c4 g6 3. Nc3 Bg7 4. Nf3 O-O 5. e4 d6 6. h3 Nbd7 7. Bd3 e5 8. d5
Nc5 9. Bc2 a5 10. Be3 Nh5 11. Bxc5 dxc5 12. Ne2 c6 13. dxc6 Qb6 14. cxb7 Bxb7
15. b3 Rad8 16. Qc1 f5 17. O-O fxe4 18. Nh2 Nf4 19. Nxf4 exf4 20. Rb1 Bd4 21.
Qe1 Rde8 22. a3 f3 23. Qd2 e3 24. Qc1 fxg2 0-1

[Event "Madrid ch Veteranos 2021"]
[Site "Madrid ESP"]
[Date "2021.04.12"]
[Round "5.8"]
[White "Pashov, Spas Nikolov"]
[Black "Millan Tabuenca, Agustin"]
[Result "1-0"]
[WhiteElo "1777"]
[BlackElo "1136"]
[PlyCount "79"]
[EventDate "2021.04.06"]
[EventType "swiss"]
[EventRounds "7"]
[EventCountry "ESP"]
[SourceTitle "Ajedrez en Madrid"]
[Source "lmi"]
[SourceDate "2021.04.06"]
[SourceVersion "1"]
[SourceVersionDate "2021.04.18"]
[SourceQuality "1"]

1. e4 c5 2. Nf3 Nc6 3. d4 cxd4 4. Nxd4 g6 5. c4 Bg7 6. Be3 Nf6 7. Nc3 O-O 8.
Be2 Qb6 9. Rb1 Nxe4 10. Ne6 Bxc3+ 11. bxc3 Qa5 12. Nxf8 Qxc3+ 13. Bd2 Nxd2 14.
Qxd2 Qxd2+ 15. Kxd2 Kxf8 16. c5 Nd4 17. Rhc1 b6 18. Bc4 bxc5 19. Bd5 Nc6 20.
Bxc6 dxc6 21. Rxc5 Bf5 22. Rb4 Be6 23. a3 Bd5 24. g3 e5 25. Ra5 Ke7 26. Rb7+
Kd6 27. Raxa7 Rxa7 28. Rxa7 Kc5 29. Kc3 h5 30. Rb7 Kd6 31. a4 e4 32. a5 c5 33.
Rb2 Kc7 34. a6 f5 35. a7 g5 36. Rb8 f4 37. a8=Q Bxa8 38. Rxa8 Kd6 39. Rh8 fxg3
40. fxg3 1-0

[Event "Madrid ch Veteranos 2021"]
[Site "Madrid ESP"]
[Date "2021.04.12"]
[Round "5.9"]
[White "Ghavami, Mahmoud"]
[Black "Garcia Sanz, Eduardo"]
[Result "0-1"]
[WhiteElo "1552"]
[BlackElo "1777"]
[PlyCount "106"]
[EventDate "2021.04.06"]
[EventType "swiss"]
[EventRounds "7"]
[EventCountry "ESP"]
[SourceTitle "Ajedrez en Madrid"]
[Source "lmi"]
[SourceDate "2021.04.06"]
[SourceVersion "1"]
[SourceVersionDate "2021.04.18"]
[SourceQuality "1"]

1. c4 e6 2. e4 c5 3. Nc3 Nc6 4. g3 Nge7 5. Bg2 g6 6. Nge2 Bg7 7. O-O O-O 8. d3
d6 9. Bg5 h6 10. Be3 a6 11. Qd2 Kh7 12. h3 Rb8 13. f4 b5 14. Rab1 Nd4 15. g4 b4
16. Bxd4 Bxd4+ 17. Nxd4 bxc3 18. Qxc3 cxd4 19. Qxd4 Qb6 20. Qxb6 Rxb6 21. b4
Bd7 22. a3 Rfb8 23. Rb2 Bc6 24. d4 a5 25. Rfb1 axb4 26. axb4 Kg7 27. Kf2 f5 28.
d5 exd5 29. exd5 Bd7 30. Bf3 fxg4 31. hxg4 Ng8 32. Kg3 Nf6 33. g5 hxg5 34. fxg5
Nh7 35. Re1 Re8 36. Rbe2 Rxe2 37. Rxe2 Kf7 38. c5 Rxb4 39. cxd6 Nf8 40. Re7+
Kg8 41. Be4 Rb3+ 42. Kf4 Rb6 43. Ke5 Bg4 44. Re8 Bd7 45. Re7 Ba4 46. Ra7 Be8
47. Ra8 Kf7 48. Rd8 Nd7+ 49. Kf4 Rxd6 50. Ke3 Nb6 51. Rb8 Nxd5+ 52. Kf3 Bc6 53.
Rb6 Nxb6 0-1

[Event "Madrid ch Veteranos 2021"]
[Site "Madrid ESP"]
[Date "2021.04.12"]
[Round "5.10"]
[White "Ramos Antona, Enrique"]
[Black "Perez Pascual, Arturo"]
[Result "0-1"]
[WhiteElo "1471"]
[BlackElo "1742"]
[PlyCount "84"]
[EventDate "2021.04.06"]
[EventType "swiss"]
[EventRounds "7"]
[EventCountry "ESP"]
[SourceTitle "Ajedrez en Madrid"]
[Source "lmi"]
[SourceDate "2021.04.06"]
[SourceVersion "1"]
[SourceVersionDate "2021.04.18"]
[SourceQuality "1"]

1. d4 d5 2. g3 Nf6 3. Bg2 e6 4. Nf3 c5 5. c4 Nc6 6. O-O dxc4 7. dxc5 Qxd1 8.
Rxd1 Bxc5 9. Nfd2 Na5 10. Na3 Bxa3 11. bxa3 Rb8 12. Bb2 Bd7 13. Bxf6 gxf6 14.
Ne4 Ke7 15. Nc3 Bc6 16. e4 Rhd8 17. f4 b5 18. Kf2 Nb7 19. Ke3 Nc5 20. Bf1 a5
21. Rxd8 Rxd8 22. Rd1 Rxd1 23. Nxd1 Bxe4 24. Kd4 Kd6 25. Nc3 Bc6 26. Be2 e5+
27. Ke3 Ne6 28. Ne4+ Bxe4 29. Kxe4 Nd4 30. fxe5+ fxe5 31. Bd1 f5+ 32. Ke3 c3
33. Kd3 c2 34. Bxc2 Nxc2 35. Kxc2 h5 36. Kd3 Kd5 37. h3 e4+ 38. Ke3 Ke5 39. h4
Kd5 40. Kf4 Kd4 41. Kg5 e3 42. Kxh5 e2 0-1

[Event "Madrid ch Veteranos 2021"]
[Site "Madrid ESP"]
[Date "2021.04.12"]
[Round "5.12"]
[White "Villodre Miranda, Juan Alonso"]
[Black "Martin Garcia, Francisco Javier"]
[Result "1-0"]
[WhiteElo "1572"]
[BlackElo "1428"]
[PlyCount "49"]
[EventDate "2021.04.06"]
[EventType "swiss"]
[EventRounds "7"]
[EventCountry "ESP"]
[SourceTitle "Ajedrez en Madrid"]
[Source "lmi"]
[SourceDate "2021.04.06"]
[SourceVersion "1"]
[SourceVersionDate "2021.04.18"]
[SourceQuality "1"]

1. c4 Nf6 2. Nc3 d5 3. cxd5 Nxd5 4. g3 g6 5. Bg2 Nb6 6. e3 Bg7 7. Nge2 O-O 8.
O-O c5 9. d4 Na6 10. a3 Bd7 11. Bxb7 Nc7 12. Bxa8 Qxa8 13. f3 Bh3 14. Rf2 cxd4
15. Nxd4 Rd8 16. Qc2 Rxd4 17. exd4 Bxd4 18. Ne4 f5 19. Ng5 Ncd5 20. Nxh3 Ne3
21. Bxe3 Bxe3 22. Qb3+ Nd5 23. Nf4 e6 24. Nxd5 exd5 25. Qxe3 1-0

[Event "Madrid ch Veteranos 2021"]
[Site "Madrid ESP"]
[Date "2021.04.12"]
[Round "5.13"]
[White "Ureña Castellanos, Antonio"]
[Black "Suarez Mencia, Roberto"]
[Result "1-0"]
[WhiteElo "1621"]
[BlackElo "1364"]
[PlyCount "121"]
[EventDate "2021.04.06"]
[EventType "swiss"]
[EventRounds "7"]
[EventCountry "ESP"]
[SourceTitle "Ajedrez en Madrid"]
[Source "lmi"]
[SourceDate "2021.04.06"]
[SourceVersion "1"]
[SourceVersionDate "2021.04.18"]
[SourceQuality "1"]

1. d4 Nf6 2. c4 g6 3. Nc3 Bg7 4. e4 d6 5. Be3 Nbd7 6. f4 e6 7. Nf3 Ng4 8. Bd2
e5 9. d5 Ngf6 10. fxe5 Nxe5 11. Be2 Nxf3+ 12. Bxf3 O-O 13. O-O Ne8 14. Qc2 Be5
15. Bh6 Ng7 16. g3 Bh3 17. Bg2 Bg4 18. Rae1 Re8 19. Bf4 Bxf4 20. Rxf4 Qg5 21.
Ref1 Rf8 22. Nb5 Nh5 23. R4f2 Qe7 24. h3 Nxg3 25. hxg4 Nxf1 26. Kxf1 a6 27. Nd4
Qg5 28. Qe2 Qc1+ 29. Qe1 Qxc4+ 30. Ne2 Qxa2 31. Nc3 Qb3 32. Qe3 b5 33. Bf3 f6
34. Rh2 g5 35. e5 dxe5 36. d6 cxd6 37. Bxa8 Rxa8 38. Qe4 Ra7 39. Nd5 Qd1+ 40.
Kf2 Qd4+ 41. Qxd4 exd4 42. Nxf6+ Kg7 43. Ne8+ Kg6 44. Nxd6 Rd7 45. Nf5 d3 46.
Rh6+ Kf7 47. Ke1 a5 48. Ra6 a4 49. Ra5 Rd5 50. Ra6 h5 51. Ne3 Re5 52. Kd2 hxg4
53. Nxg4 Re2+ 54. Kc3 d2 55. Kc2 Re4 56. Nf2 Rb4 57. Nd3 Re4 58. Kxd2 g4 59.
Rh6 b4 60. Nc5 a3 61. Nxe4 1-0

[Event "Madrid ch Veteranos 2021"]
[Site "Madrid ESP"]
[Date "2021.04.12"]
[Round "5.14"]
[White "Martinez Martinez, Javier II"]
[Black "Carrillo Castano, Javier"]
[Result "1-0"]
[WhiteElo "1585"]
[BlackElo "1392"]
[PlyCount "33"]
[EventDate "2021.04.06"]
[EventType "swiss"]
[EventRounds "7"]
[EventCountry "ESP"]
[SourceTitle "Ajedrez en Madrid"]
[Source "lmi"]
[SourceDate "2021.04.06"]
[SourceVersion "1"]
[SourceVersionDate "2021.04.18"]
[SourceQuality "1"]

1. d4 d5 2. Nf3 Nf6 3. e3 c6 4. Bd3 e6 5. O-O b6 6. Qe2 Bd6 7. Nbd2 a5 8. e4
dxe4 9. Nxe4 Nxe4 10. Bxe4 Ba6 11. c4 O-O 12. Bxh7+ Kh8 13. Bd3 Be7 14. Ne5 Bg5
15. Qh5+ Bh6 16. Bxh6 f5 17. Bg5+ 1-0

[Event "Madrid ch Veteranos 2021"]
[Site "Madrid ESP"]
[Date "2021.04.12"]
[Round "5.15"]
[White "Peñas Merino, Ramona"]
[Black "Martinez Miura, Enrique"]
[Result "1/2-1/2"]
[WhiteElo "1434"]
[BlackElo "1547"]
[PlyCount "65"]
[EventDate "2021.04.06"]
[EventType "swiss"]
[EventRounds "7"]
[EventCountry "ESP"]
[SourceTitle "Ajedrez en Madrid"]
[Source "lmi"]
[SourceDate "2021.04.06"]
[SourceVersion "1"]
[SourceVersionDate "2021.04.18"]
[SourceQuality "1"]

1. d4 d5 2. Bf4 Nf6 3. e3 e6 4. Nd2 Be7 5. h3 O-O 6. Bd3 Nbd7 7. c3 b6 8. Ngf3
Bb7 9. a4 a5 10. O-O Ba6 11. Bxa6 Rxa6 12. Qe2 Ra8 13. e4 dxe4 14. Nxe4 c5 15.
Nxf6+ Nxf6 16. Rfd1 Qc8 17. dxc5 Bxc5 18. Nd4 Qb7 19. Nb5 Ne4 20. Be3 Bxe3 21.
Qxe3 Rfd8 22. f3 Nf6 23. Rd4 Rxd4 24. Qxd4 h6 25. Rd1 Qd5 26. c4 Qxd4+ 27. Rxd4
Kf8 28. b3 Ke7 29. Kf2 Rd8 30. Ke3 Rc8 31. Na7 Rc7 32. Nb5 Rc8 33. Na7 1/2-1/2

[Event "Madrid ch Veteranos 2021"]
[Site "Madrid ESP"]
[Date "2021.04.12"]
[Round "5.16"]
[White "Menendez Domens, Juan Manuel"]
[Black "Perales Hernandez, Manuel"]
[Result "1-0"]
[WhiteElo "1467"]
[BlackElo "1337"]
[PlyCount "93"]
[EventDate "2021.04.06"]
[EventType "swiss"]
[EventRounds "7"]
[EventCountry "ESP"]
[SourceTitle "Ajedrez en Madrid"]
[Source "lmi"]
[SourceDate "2021.04.06"]
[SourceVersion "1"]
[SourceVersionDate "2021.04.18"]
[SourceQuality "1"]

1. e4 e5 2. Nf3 Nc6 3. Bb5 Nge7 4. Nc3 a6 5. Bc4 h6 6. d3 d6 7. h3 Na5 8. Bb3
Nxb3 9. axb3 Be6 10. Ne2 Ng6 11. d4 c6 12. O-O Be7 13. Ng3 exd4 14. Nxd4 Bd7
15. Ndf5 Bxf5 16. Nxf5 O-O 17. Qh5 Bg5 18. Bxg5 Qxg5 19. Qxg5 hxg5 20. Nxd6 b5
21. Nb7 Rfe8 22. f3 Re5 23. Rfd1 Re7 24. Rd8+ Rxd8 25. Nxd8 Ra7 26. Nxc6 Nf4
27. Nxa7 Ne2+ 28. Kf2 Nd4 29. Rxa6 Nxc2 30. Nxb5 Nb4 31. Ra8+ Kh7 32. Ke2 Nc2
33. Ra4 g6 34. Kd2 Na1 35. Rxa1 f5 36. exf5 gxf5 37. Ra6 f4 38. Nd4 Kg7 39. Re6
Kf7 40. b4 Kf8 41. b5 Kf7 42. b6 Kf8 43. b7 Kf7 44. b8=Q g4 45. Qc7+ Kf8 46.
Nf5 gxf3 47. Qg7# 1-0

[Event "Madrid ch Veteranos 2021"]
[Site "Madrid ESP"]
[Date "2021.04.13"]
[Round "6.1"]
[White "Gonzalez Rivera, Eduardo"]
[Black "Luque Ibañes, Manuel"]
[Result "0-1"]
[WhiteElo "2017"]
[BlackElo "1949"]
[PlyCount "82"]
[EventDate "2021.04.06"]
[EventType "swiss"]
[EventRounds "7"]
[EventCountry "ESP"]
[SourceTitle "Ajedrez en Madrid"]
[Source "lmi"]
[SourceDate "2021.04.06"]
[SourceVersion "1"]
[SourceVersionDate "2021.04.18"]
[SourceQuality "1"]

1. e4 c5 2. Nf3 Nc6 3. d4 cxd4 4. Nxd4 Nf6 5. Nc3 e5 6. Nb3 Bb4 7. Bd3 d5 8.
exd5 Nxd5 9. O-O Nxc3 10. bxc3 Be7 11. Qh5 g6 12. Qh6 Be6 13. Rb1 Rc8 14. Bd2
Bf8 15. Qe3 b6 16. Rbd1 Bg7 17. Bc1 Qe7 18. c4 O-O 19. Bb2 Rfd8 20. Rfe1 Nd4
21. Qc1 Qh4 22. Re4 Qxe4 23. Nxd4 Qf4 24. Nxe6 Qxc1 25. Rxc1 fxe6 26. Re1 e4
27. Bxg7 exd3 28. Bf6 d2 29. Rd1 Rd7 30. Kf1 Rxc4 31. c3 Ra4 32. Bd4 Rxa2 33.
Ke2 Kf7 34. f4 Rd5 35. h4 h5 36. g3 Rda5 37. Kd3 Ke7 38. Be3 Kd6 39. Ke2 Kc6
40. Kd3 Rd5+ 41. Kc4 Rb2 0-1

[Event "Madrid ch Veteranos 2021"]
[Site "Madrid ESP"]
[Date "2021.04.13"]
[Round "6.2"]
[White "Marin Lopez, Jeronimo"]
[Black "Elissalt Cardenas, Hector"]
[Result "0-1"]
[WhiteElo "1899"]
[BlackElo "2286"]
[PlyCount "54"]
[EventDate "2021.04.06"]
[EventType "swiss"]
[EventRounds "7"]
[EventCountry "ESP"]
[SourceTitle "Ajedrez en Madrid"]
[Source "lmi"]
[SourceDate "2021.04.06"]
[SourceVersion "1"]
[SourceVersionDate "2021.04.18"]
[SourceQuality "1"]

1. e4 e5 2. Nf3 Nc6 3. Bc4 g6 4. d4 exd4 5. Nxd4 Bg7 6. Nxc6 bxc6 7. O-O Ne7 8.
Nc3 O-O 9. Bg5 h6 10. Bh4 Rb8 11. Rb1 Rb4 12. Qd3 g5 13. Bg3 Ng6 14. a3 Rb6 15.
f4 gxf4 16. Rxf4 Nxf4 17. Bxf4 Qf6 18. Be3 d6 19. Rf1 Qe5 20. Ne2 d5 21. exd5
cxd5 22. Bxd5 Rd6 23. c4 Ba6 24. Bc5 Rxd5 25. Qxd5 Qxd5 26. cxd5 Bxe2 27. Bxf8
Bd4+ 0-1

[Event "Madrid ch Veteranos 2021"]
[Site "Madrid ESP"]
[Date "2021.04.13"]
[Round "6.3"]
[White "Cabañas Bravo, Juan Andres"]
[Black "Fiz Criado, Fidel"]
[Result "1-0"]
[WhiteElo "1971"]
[BlackElo "1863"]
[PlyCount "81"]
[EventDate "2021.04.06"]
[EventType "swiss"]
[EventRounds "7"]
[EventCountry "ESP"]
[SourceTitle "Ajedrez en Madrid"]
[Source "lmi"]
[SourceDate "2021.04.06"]
[SourceVersion "1"]
[SourceVersionDate "2021.04.18"]
[SourceQuality "1"]

1. e4 e6 2. d4 d5 3. Nc3 Nf6 4. Bg5 Be7 5. e5 Nfd7 6. h4 a6 7. Qg4 f5 8. Qh5+
Kf8 9. Nge2 Bxg5 10. hxg5 Qe8 11. Nf4 Qxh5 12. Rxh5 Nb6 13. Ng6+ hxg6 14. Rxh8+
Kf7 15. a4 Nc6 16. O-O-O Bd7 17. Rxa8 Nxa8 18. Ne2 Nb6 19. b3 Be8 20. Nf4 Ne7
21. Kb2 c5 22. dxc5 Nd7 23. Nd3 Nc6 24. f4 Ne7 25. Be2 Nb8 26. Ka3 Bc6 27. b4
d4 28. Ne1 Nd5 29. Rxd4 Ne3 30. Bf3 Ke7 31. Kb3 Bd5+ 32. Bxd5 Nxd5 33. b5 Nd7
34. Nd3 axb5 35. axb5 Nc7 36. c4 Ke8 37. Kb4 Ke7 38. Ka5 Ke8 39. c6 b6+ 40. Kb4
Nb8 41. Nb2 1-0

[Event "Madrid ch Veteranos 2021"]
[Site "Madrid ESP"]
[Date "2021.04.13"]
[Round "6.5"]
[White "Marin Aso, Jose Luis"]
[Black "Pashov, Spas Nikolov"]
[Result "0-1"]
[WhiteElo "1910"]
[BlackElo "1777"]
[PlyCount "62"]
[EventDate "2021.04.06"]
[EventType "swiss"]
[EventRounds "7"]
[EventCountry "ESP"]
[SourceTitle "Ajedrez en Madrid"]
[Source "lmi"]
[SourceDate "2021.04.06"]
[SourceVersion "1"]
[SourceVersionDate "2021.04.18"]
[SourceQuality "1"]

1. c4 Nf6 2. Nc3 g6 3. g3 c6 4. Bg2 d5 5. d4 dxc4 6. Nf3 Bg7 7. O-O O-O 8. Ne5
Be6 9. e4 Nbd7 10. Qe2 Ne8 11. Nf3 b5 12. a4 b4 13. Na2 a5 14. Ng5 Nb6 15. Nxe6
fxe6 16. Bh3 Qxd4 17. Bxe6+ Kh8 18. Rd1 Qf6 19. Bh3 Nxa4 20. Be3 Nd6 21. Bd4 e5
22. Be3 Nxe4 23. Bg2 Nec5 24. Rac1 c3 25. Bxc5 Nxc5 26. bxc3 b3 27. Qe3 Na4 28.
Rd2 Rfd8 29. Rcd1 Rxd2 30. Qxd2 bxa2 31. Qxa2 Nxc3 0-1

[Event "Madrid ch Veteranos 2021"]
[Site "Madrid ESP"]
[Date "2021.04.13"]
[Round "6.6"]
[White "Garcia Martin, Esteban"]
[Black "Perez Pascual, Arturo"]
[Result "1-0"]
[WhiteElo "1891"]
[BlackElo "1742"]
[PlyCount "53"]
[EventDate "2021.04.06"]
[EventType "swiss"]
[EventRounds "7"]
[EventCountry "ESP"]
[SourceTitle "Ajedrez en Madrid"]
[Source "lmi"]
[SourceDate "2021.04.06"]
[SourceVersion "1"]
[SourceVersionDate "2021.04.18"]
[SourceQuality "1"]

1. c4 c6 2. Nf3 d5 3. e3 Nf6 4. b3 Bf5 5. Bb2 e6 6. Be2 Nbd7 7. O-O Bd6 8. Nc3
h6 9. d3 Qe7 10. Re1 O-O 11. a3 a5 12. cxd5 exd5 13. e4 dxe4 14. dxe4 Bg4 15.
e5 Nxe5 16. Nxe5 Qxe5 17. g3 Rfe8 18. Qd2 Bxe2 19. Rxe2 Qc5 20. Rae1 Rxe2 21.
Rxe2 Rd8 22. Qe1 Kf8 23. Ne4 Nxe4 24. Rxe4 Qc2 25. Bc3 b6 26. Rc4 Bxa3 27.
Bxg7+ 1-0